000 00392nam a2200169Ia 4500
008 230524s9999 xx 000 0 und d
020 _a8178085062
082 _a4
_bROS
100 _aFrank Rose
_92348
245 0 _aArtificial Intelligence
250 _a3RD
260 _aNEW DELHI
_bWiley
_c1989
300 _aXIII;209
500 _aQuantity Number: 1
650 _aComp-Sc
942 _cBK
999 _c4308
_d4308